[Event "ABC 2024 Utrecht, Groep BCm"]
[Site "Utrecht."]
[Date "2024.03.10"]
[Round "5.5"]
[White "Barbier, Sarah"]
[Black "Madularea, Mara"]
[Result "1-0"]
[WhiteElo "1429"]
[BlackElo "1086"]

1. e4 {[%clk 00:54:04]} {[%emt 00:01:16]} e6 {[%clk 00:55:12]} {[%emt
00:00:09]} 2. d4 {[%clk 00:53:43]} {[%emt 00:00:32]} d5 {[%clk 00:55:11]}
{[%emt 00:00:10]} 3. e5 {[%clk 00:53:08]} {[%emt 00:00:44]} c5 {[%clk
00:55:02]} {[%emt 00:00:20]} 4. c3 {[%clk 00:52:19]} {[%emt 00:00:59]} Nc6
{[%clk 00:54:48]} {[%emt 00:00:23]} 5. Bb5 {[%clk 00:52:18]} {[%emt 00:00:12]}
Bd7 {[%clk 00:54:42]} {[%emt 00:00:16]} 6. Nf3 {[%clk 00:52:13]} {[%emt
00:00:15]} Qb6 {[%clk 00:54:24]} {[%emt 00:00:28]} 7. Bxc6 {[%clk 00:51:53]}
{[%emt 00:00:29]} Bxc6 {[%clk 00:54:07]} {[%emt 00:00:27]} 8. O-O {[%clk
00:51:41]} {[%emt 00:00:21]} Ne7 {[%clk 00:53:51]} {[%emt 00:00:27]} 9. b3
{[%clk 00:50:48]} {[%emt 00:01:04]} Nf5 {[%clk 00:53:36]} {[%emt 00:00:24]} 10.
Be3 {[%clk 00:49:07]} {[%emt 00:01:51]} cxd4 {[%clk 00:50:46]} {[%emt
00:03:00]} 11. Nxd4 {[%clk 00:48:26]} {[%emt 00:00:51]} Ne7 {[%clk 00:47:49]}
{[%emt 00:03:07]} 12. Nxe6 {[%clk 00:47:41]} {[%emt 00:00:56]} Qa5 {[%clk
00:45:50]} {[%emt 00:02:07]} 13. b4 {[%clk 00:47:19]} {[%emt 00:00:34]} Qa4
{[%clk 00:45:23]} {[%emt 00:00:37]} 14. Qxa4 {[%clk 00:47:01]} {[%emt
00:00:28]} Bxa4 {[%clk 00:45:28]} {[%emt 00:00:05]} 15. Nc7+ {[%clk 00:47:01]}
{[%emt 00:00:11]} Kd7 {[%clk 00:44:58]} {[%emt 00:00:38]} 16. Nxa8 {[%clk
00:47:06]} {[%emt 00:00:06]} Ng6 {[%clk 00:44:22]} {[%emt 00:00:45]} 17. Bxa7
{[%clk 00:46:59]} {[%emt 00:00:17]} Bb5 {[%clk 00:43:10]} {[%emt 00:01:21]} 18.
Rd1 {[%clk 00:46:59]} {[%emt 00:00:11]} Bc6 {[%clk 00:41:53]} {[%emt 00:01:27]}
19. c4 {[%clk 00:46:47]} {[%emt 00:00:23]} Ke6 {[%clk 00:41:10]} {[%emt
00:00:53]} 20. cxd5+ {[%clk 00:46:39]} {[%emt 00:00:18]} Bxd5 {[%clk 00:41:04]}
{[%emt 00:00:15]} 21. Nc7+ {[%clk 00:46:36]} {[%emt 00:00:14]} Kxe5 {[%clk
00:40:51]} {[%emt 00:00:22]} 22. Rxd5+ {[%clk 00:46:32]} {[%emt 00:00:15]} Kf6
{[%clk 00:40:21]} {[%emt 00:00:39]} 23. Bd4+ {[%clk 00:46:21]} {[%emt
00:00:20]} Ke7 {[%clk 00:39:43]} {[%emt 00:00:48]} 24. Nd2 {[%clk 00:45:45]}
{[%emt 00:00:47]} f6 {[%clk 00:39:25]} {[%emt 00:00:27]} 25. Re1+ {[%clk
00:45:07]} {[%emt 00:00:49]} Kf7 {[%clk 00:39:15]} {[%emt 00:00:21]} 26. Bc5
{[%clk 00:44:16]} {[%emt 00:01:00]} h6 {[%clk 00:38:16]} {[%emt 00:01:09]} 27.
Bxf8 {[%clk 00:43:58]} {[%emt 00:00:29]} Rxf8 {[%clk 00:38:03]} {[%emt
00:00:22]} 28. a4 {[%clk 00:43:31]} {[%emt 00:00:38]} Nf4 {[%clk 00:37:40]}
{[%emt 00:00:33]} 29. Rd4 {[%clk 00:43:04]} {[%emt 00:00:37]} Ng6 {[%clk
00:37:11]} {[%emt 00:00:38]} 30. b5 {[%clk 00:42:17]} {[%emt 00:00:58]} b6
{[%clk 00:36:55]} {[%emt 00:00:26]} 31. Nc4 {[%clk 00:41:46]} {[%emt 00:00:41]}
Rb8 {[%clk 00:36:55]} {[%emt 00:00:10]} 32. Rd7+ {[%clk 00:41:40]} {[%emt
00:00:15]} Kg8 {[%clk 00:36:49]} {[%emt 00:00:16]} 33. Re8+ {[%clk 00:41:38]}
{[%emt 00:00:12]} Rxe8 {[%clk 00:36:44]} {[%emt 00:00:16]} 34. Nxe8 {[%clk
00:41:42]} {[%emt 00:00:07]} Nf8 {[%clk 00:36:41]} {[%emt 00:00:10]} 35. Rxg7+
{[%clk 00:41:43]} {[%emt 00:00:10]} Kh8 {[%clk 00:36:33]} {[%emt 00:00:18]} 36.
Ncd6 {[%clk 00:41:43]} {[%emt 00:00:11]} Ne6 {[%clk 00:34:56]} {[%emt
00:01:47]} 37. Nf7# {[%clk 00:41:40]} {[%emt 00:00:13]} 1-0

[Event "ABC 2024 Utrecht, Groep BCm"]
[Site "Utrecht."]
[Date "2024.03.10"]
[Round "6.1"]
[White "Kulikova, Polina"]
[Black "Oostinga, Elisa"]
[Result "1-0"]
[WhiteElo "1791"]
[BlackElo "1766"]

1. d4 {[%clk 00:55:19]} {[%emt 00:00:01]} d5 {[%clk 00:55:15]} {[%emt
00:00:05]} 2. c4 {[%clk 00:55:24]} {[%emt 00:00:05]} c6 {[%clk 00:55:18]}
{[%emt 00:00:06]} 3. cxd5 {[%clk 00:55:31]} {[%emt 00:00:04]} cxd5 {[%clk
00:55:13]} {[%emt 00:00:15]} 4. Bf4 {[%clk 00:55:38]} {[%emt 00:00:03]} Nf6
{[%clk 00:54:31]} {[%emt 00:00:52]} 5. e3 {[%clk 00:55:35]} {[%emt 00:00:12]}
a6 {[%clk 00:54:01]} {[%emt 00:00:41]} 6. Nc3 {[%clk 00:55:30]} {[%emt
00:00:15]} Bf5 {[%clk 00:52:57]} {[%emt 00:01:12]} 7. Bd3 {[%clk 00:54:11]}
{[%emt 00:01:31]} Bxd3 {[%clk 00:51:52]} {[%emt 00:01:15]} 8. Qxd3 {[%clk
00:54:17]} {[%emt 00:00:04]} e6 {[%clk 00:51:41]} {[%emt 00:00:20]} 9. Nf3
{[%clk 00:53:53]} {[%emt 00:00:34]} Nc6 {[%clk 00:50:12]} {[%emt 00:01:39]} 10.
O-O {[%clk 00:52:27]} {[%emt 00:01:37]} Bb4 {[%clk 00:44:32]} {[%emt 00:05:51]}
11. Rac1 {[%clk 00:48:23]} {[%emt 00:04:13]} h6 {[%clk 00:43:16]} {[%emt
00:01:25]} 12. a3 {[%clk 00:46:27]} {[%emt 00:02:07]} Bxc3 {[%clk 00:36:31]}
{[%emt 00:06:55]} 13. Rxc3 {[%clk 00:46:05]} {[%emt 00:00:32]} Ne4 {[%clk
00:29:14]} {[%emt 00:07:27]} 14. Rc2 {[%clk 00:45:28]} {[%emt 00:00:47]} O-O
{[%clk 00:27:04]} {[%emt 00:02:20]} 15. Rfc1 {[%clk 00:44:15]} {[%emt
00:01:22]} f6 {[%clk 00:23:05]} {[%emt 00:04:10]} 16. h3 {[%clk 00:37:50]}
{[%emt 00:06:35]} Qe7 {[%clk 00:17:27]} {[%emt 00:05:45]} 17. Bh2 {[%clk
00:32:44]} {[%emt 00:05:18]} Rad8 {[%clk 00:15:23]} {[%emt 00:02:14]} 18. h4
{[%clk 00:28:57]} {[%emt 00:03:57]} e5 {[%clk 00:09:28]} {[%emt 00:06:07]} 19.
b4 {[%clk 00:22:55]} {[%emt 00:06:11]} Rf7 {[%clk 00:03:43]} {[%emt 00:05:54]}
20. Ra1 {[%clk 00:15:39]} {[%emt 00:07:25]} Qe6 {[%clk 00:02:53]} {[%emt
00:01:01]} 21. Rd1 {[%clk 00:12:54]} {[%emt 00:02:56]} Re7 {[%clk 00:02:05]}
{[%emt 00:00:58]} 22. Ra2 {[%clk 00:09:43]} {[%emt 00:03:22]} Rc8 {[%clk
00:01:54]} {[%emt 00:00:21]} 23. Rc2 {[%clk 00:09:30]} {[%emt 00:00:23]} Rd8
{[%clk 00:02:00]} {[%emt 00:00:03]} 24. Ra2 {[%clk 00:07:16]} {[%emt 00:02:24]}
Rc8 {[%clk 00:02:02]} {[%emt 00:00:08]} 25. Rc2 {[%clk 00:05:47]} {[%emt
00:01:40]} Rec7 {[%clk 00:01:31]} {[%emt 00:00:40]} 26. Rdc1 {[%clk 00:04:21]}
{[%emt 00:01:36]} Re7 {[%clk 00:01:33]} {[%emt 00:00:08]} 27. dxe5 {[%clk
00:03:29]} {[%emt 00:01:02]} Rce8 {[%clk 00:01:13]} {[%emt 00:00:31]} 28. exf6
{[%clk 00:02:54]} {[%emt 00:00:44]} Qxf6 {[%clk 00:01:04]} {[%emt 00:00:19]} 29.
Qxd5+ {[%clk 00:02:24]} {[%emt 00:00:40]} Rf7 {[%clk 00:00:52]} {[%emt
00:00:22]} 30. Rc4 {[%clk 00:01:56]} {[%emt 00:00:38]} Qg6 {[%clk 00:00:51]}
{[%emt 00:00:11]} 31. Bf4 {[%clk 00:01:06]} {[%emt 00:01:00]} Kh7 {[%clk
00:00:38]} {[%emt 00:00:23]} 32. Qd3 {[%clk 00:01:06]} {[%emt 00:00:10]} Qe6
{[%clk 00:00:38]} {[%emt 00:00:10]} 33. Nd2 {[%clk 00:00:42]} {[%emt 00:00:35]}
Rfe7 {[%clk 00:00:24]} {[%emt 00:00:24]} 34. Nxe4 {[%clk 00:00:48]} {[%emt
00:00:03]} g6 {[%clk 00:00:23]} {[%emt 00:00:12]} 35. Ng3 {[%clk 00:00:24]}
{[%emt 00:00:34]} Rd7 {[%clk 00:00:27]} {[%emt 00:00:06]} 36. Qc2 {[%clk
00:00:30]} {[%emt 00:00:03]} Red8 {[%clk 00:00:27]} {[%emt 00:00:10]} 37. Ne4
{[%clk 00:00:24]} {[%emt 00:00:16]} Rd3 {[%clk 00:00:26]} {[%emt 00:00:11]} 38.
Qb2 {[%clk 00:00:18]} {[%emt 00:00:16]} Qf5 {[%clk 00:00:22]} {[%emt 00:00:14]}
39. Ng3 {[%clk 00:00:14]} {[%emt 00:00:15]} Qe6 {[%clk 00:00:26]} {[%emt
00:00:06]} 40. Ne4 {[%clk 00:00:21]} {[%emt 00:00:03]} Qf5 {[%clk 00:00:33]}
{[%emt 00:00:03]} 41. Qf6 {[%clk 00:00:14]} {[%emt 00:00:17]} Qd5 {[%clk
00:00:17]} {[%emt 00:00:26]} 42. Kh2 {[%clk 00:00:11]} {[%emt 00:00:13]} Rd1
{[%clk 00:00:10]} {[%emt 00:00:17]} 43. Rxd1 {[%clk 00:00:02]} {[%emt
00:00:09]} Qxd1 {[%clk 00:00:05]} {[%emt 00:00:04]} 1-0

[Event "ABC 2024 Utrecht, Groep BCm"]
[Site "Utrecht."]
[Date "2024.03.10"]
[Round "6.2"]
[White "Esvelt, Klio"]
[Black "Yildirim, Azra"]
[Result "0-1"]
[WhiteElo "1352"]
[BlackElo "1635"]

1. e4 {[%clk 00:55:19]} e5 {[%clk 00:54:53]} {[%emt 00:00:27]} 2. Nf3 {[%clk
00:55:25]} {[%emt 00:00:04]} Nc6 {[%clk 00:54:44]} {[%emt 00:00:19]} 3. d4
{[%clk 00:55:30]} {[%emt 00:00:05]} d5 {[%clk 00:52:02]} {[%emt 00:02:52]} 4.
exd5 {[%clk 00:54:49]} {[%emt 00:00:51]} Qxd5 {[%clk 00:51:52]} {[%emt
00:00:21]} 5. Nc3 {[%clk 00:54:06]} {[%emt 00:00:53]} Bb4 {[%clk 00:48:38]}
{[%emt 00:03:24]} 6. Bd2 {[%clk 00:53:38]} {[%emt 00:00:37]} Bxc3 {[%clk
00:48:12]} {[%emt 00:00:37]} 7. Bxc3 {[%clk 00:53:39]} {[%emt 00:00:09]} Bg4
{[%clk 00:45:19]} {[%emt 00:03:03]} 8. dxe5 {[%clk 00:53:03]} {[%emt 00:00:45]}
Bxf3 {[%clk 00:41:09]} {[%emt 00:04:21]} 9. gxf3 {[%clk 00:52:59]} {[%emt
00:00:14]} Qe6 {[%clk 00:39:36]} {[%emt 00:01:43]} 10. Qe2 {[%clk 00:52:51]}
{[%emt 00:00:18]} O-O-O {[%clk 00:38:38]} {[%emt 00:01:08]} 11. Qe3 {[%clk
00:51:02]} {[%emt 00:01:58]} Kb8 {[%clk 00:37:37]} {[%emt 00:01:11]} 12. f4
{[%clk 00:50:34]} {[%emt 00:00:38]} Nge7 {[%clk 00:36:37]} {[%emt 00:01:11]} 13.
Bh3 {[%clk 00:50:06]} {[%emt 00:00:37]} Qg6 {[%clk 00:30:27]} {[%emt 00:06:20]}
14. Qe2 {[%clk 00:48:19]} {[%emt 00:01:58]} Nd4 {[%clk 00:29:34]} {[%emt
00:01:03]} 15. Bxd4 {[%clk 00:47:59]} {[%emt 00:00:29]} Rxd4 {[%clk 00:29:31]}
{[%emt 00:00:14]} 16. Qe3 {[%clk 00:48:03]} {[%emt 00:00:06]} Re4 {[%clk
00:28:23]} {[%emt 00:01:17]} 17. f5 {[%clk 00:47:02]} {[%emt 00:01:12]} Rxe3+
{[%clk 00:28:12]} {[%emt 00:00:20]} 18. fxe3 {[%clk 00:47:07]} {[%emt
00:00:06]} Nxf5 {[%clk 00:27:54]} {[%emt 00:00:28]} 19. Bxf5 {[%clk 00:47:09]}
{[%emt 00:00:07]} Qxf5 {[%clk 00:27:58]} {[%emt 00:00:07]} 20. Rd1 {[%clk
00:47:12]} {[%emt 00:00:07]} Qxe5 {[%clk 00:27:00]} {[%emt 00:01:07]} 21. Ke2
{[%clk 00:47:14]} {[%emt 00:00:08]} Qxb2 {[%clk 00:25:33]} {[%emt 00:01:37]} 22.
Rhf1 {[%clk 00:47:12]} {[%emt 00:00:12]} Qxc2+ {[%clk 00:25:01]} {[%emt
00:00:43]} 23. Ke1 {[%clk 00:46:59]} {[%emt 00:00:21]} Re8 {[%clk 00:24:16]}
{[%emt 00:00:57]} 24. Rxf7 {[%clk 00:46:27]} {[%emt 00:00:41]} Rxe3+ {[%clk
00:23:53]} {[%emt 00:00:34]} 25. Kf1 {[%clk 00:46:09]} {[%emt 00:00:27]} Qxd1+
{[%clk 00:23:36]} {[%emt 00:00:27]} 26. Kf2 {[%clk 00:45:51]} {[%emt 00:00:25]}
Qe2+ {[%clk 00:23:38]} {[%emt 00:00:11]} 27. Kg1 {[%clk 00:45:43]} {[%emt
00:00:18]} Qd1+ {[%clk 00:21:11]} {[%emt 00:02:38]} 28. Kg2 {[%clk 00:45:37]}
{[%emt 00:00:16]} Qd5+ {[%clk 00:21:06]} {[%emt 00:00:14]} 29. Kg1 {[%clk
00:44:52]} {[%emt 00:00:55]} Qxf7 {[%clk 00:21:07]} {[%emt 00:00:09]} 30. Kh1
{[%clk 00:44:54]} {[%emt 00:00:08]} Qf1# {[%clk 00:21:08]} {[%emt 00:00:09]}
0-1

[Event "ABC 2024 Utrecht, Groep BCm"]
[Site "Utrecht."]
[Date "2024.03.10"]
[Round "6.3"]
[White "Rutten, Lenthe"]
[Black "Zhang, Jinchen"]
[Result "1-0"]
[WhiteElo "1343"]
[BlackElo "1761"]

1. d4 {[%clk 00:55:18]} {[%emt 00:00:01]} d5 {[%clk 00:55:11]} {[%emt
00:00:10]} 2. c4 {[%clk 00:55:26]} e6 {[%clk 00:55:06]} {[%emt 00:00:15]} 3.
Nc3 {[%clk 00:55:31]} {[%emt 00:00:05]} Nf6 {[%clk 00:55:05]} {[%emt 00:00:11]}
4. Bg5 {[%clk 00:55:33]} {[%emt 00:00:09]} c6 {[%clk 00:54:52]} {[%emt
00:00:23]} 5. Nf3 {[%clk 00:55:06]} {[%emt 00:00:36]} Be7 {[%clk 00:54:22]}
{[%emt 00:00:40]} 6. Bxf6 {[%clk 00:54:52]} {[%emt 00:00:24]} Bxf6 {[%clk
00:54:08]} {[%emt 00:00:22]} 7. e3 {[%clk 00:54:48]} {[%emt 00:00:16]} O-O
{[%clk 00:53:10]} {[%emt 00:01:08]} 8. Bd3 {[%clk 00:53:41]} {[%emt 00:01:17]}
Nd7 {[%clk 00:51:35]} {[%emt 00:01:43]} 9. O-O {[%clk 00:53:10]} {[%emt
00:00:43]} b6 {[%clk 00:50:14]} {[%emt 00:01:31]} 10. g3 {[%clk 00:52:29]}
{[%emt 00:00:50]} Bb7 {[%clk 00:49:39]} {[%emt 00:00:46]} 11. Re1 {[%clk
00:50:19]} {[%emt 00:02:20]} e5 {[%clk 00:48:53]} {[%emt 00:00:56]} 12. dxe5
{[%clk 00:49:35]} {[%emt 00:00:54]} Nxe5 {[%clk 00:48:22]} {[%emt 00:00:40]} 13.
e4 {[%clk 00:46:46]} {[%emt 00:03:00]} dxc4 {[%clk 00:46:31]} {[%emt 00:02:01]}
14. Nxe5 {[%clk 00:45:53]} {[%emt 00:01:03]} Bxe5 {[%clk 00:46:14]} {[%emt
00:00:26]} 15. Bxc4 {[%clk 00:45:36]} {[%emt 00:00:28]} Re8 {[%clk 00:44:37]}
{[%emt 00:01:46]} 16. Qf3 {[%clk 00:44:04]} {[%emt 00:01:43]} Qf6 {[%clk
00:43:12]} {[%emt 00:01:34]} 17. Re3 {[%clk 00:42:59]} {[%emt 00:01:16]} Kh8
{[%clk 00:41:23]} {[%emt 00:01:55]} 18. Rd1 {[%clk 00:42:18]} {[%emt 00:00:55]}
Rad8 {[%clk 00:39:47]} {[%emt 00:01:45]} 19. Qxf6 {[%clk 00:41:12]} {[%emt
00:01:17]} Bxf6 {[%clk 00:39:24]} {[%emt 00:00:34]} 20. Bxf7 {[%clk 00:40:43]}
{[%emt 00:00:38]} Rf8 {[%clk 00:38:12]} {[%emt 00:01:22]} 21. Rxd8 {[%clk
00:40:13]} {[%emt 00:00:41]} Rxd8 {[%clk 00:37:40]} {[%emt 00:00:41]} 22. e5
{[%clk 00:40:04]} {[%emt 00:00:18]} Be7 {[%clk 00:37:07]} {[%emt 00:00:43]} 23.
f4 {[%clk 00:39:43]} {[%emt 00:00:32]} Bc5 {[%clk 00:36:37]} {[%emt 00:00:41]}
24. Kf2 {[%clk 00:39:23]} {[%emt 00:00:28]} Bxe3+ {[%clk 00:36:08]} {[%emt
00:00:41]} 25. Kxe3 {[%clk 00:39:16]} {[%emt 00:00:16]} Rd7 {[%clk 00:34:06]}
{[%emt 00:02:13]} 26. e6 {[%clk 00:39:04]} {[%emt 00:00:22]} Re7 {[%clk
00:34:00]} {[%emt 00:00:15]} 27. Ke4 {[%clk 00:39:03]} {[%emt 00:00:12]} g6
{[%clk 00:32:29]} {[%emt 00:01:40]} 28. Ke5 {[%clk 00:38:59]} {[%emt 00:00:14]}
Kg7 {[%clk 00:32:29]} {[%emt 00:00:10]} 29. Ne4 {[%clk 00:38:12]} {[%emt
00:00:57]} c5 {[%clk 00:30:53]} {[%emt 00:01:46]} 30. Nd6 {[%clk 00:37:34]}
{[%emt 00:00:47]} Ba6 {[%clk 00:29:30]} {[%emt 00:01:34]} 31. f5 {[%clk
00:36:50]} {[%emt 00:00:54]} Kf8 {[%clk 00:28:15]} {[%emt 00:01:24]} 32. f6
{[%clk 00:35:58]} {[%emt 00:01:03]} Rxf7 {[%clk 00:26:44]} {[%emt 00:01:41]} 33.
Nxf7 {[%clk 00:35:43]} {[%emt 00:00:25]} Bb5 {[%clk 00:25:33]} {[%emt
00:01:22]} 34. e7+ {[%clk 00:35:37]} {[%emt 00:00:16]} Kg8 {[%clk 00:25:16]}
{[%emt 00:00:27]} 35. Nd6 {[%clk 00:35:26]} {[%emt 00:00:21]} Bd7 {[%clk
00:24:41]} {[%emt 00:00:45]} 36. f7+ {[%clk 00:35:06]} {[%emt 00:00:30]} Kg7
{[%clk 00:23:18]} {[%emt 00:01:32]} 37. f8=Q# {[%clk 00:35:03]} {[%emt
00:00:11]} 1-0

[Event "ABC 2024 Utrecht, Groep BCm"]
[Site "Utrecht."]
[Date "2024.03.10"]
[Round "6.4"]
[White "Vermeulen, Ilona"]
[Black "Barbier, Sarah"]
[Result "1/2-1/2"]
[WhiteElo "1486"]
[BlackElo "1429"]

1. e4 {[%clk 00:55:19]} {[%emt 00:00:01]} e5 {[%clk 00:55:17]} {[%emt
00:00:03]} 2. Nf3 {[%clk 00:55:25]} {[%emt 00:00:04]} Nc6 {[%clk 00:55:20]}
{[%emt 00:00:07]} 3. d4 {[%clk 00:55:31]} {[%emt 00:00:04]} Qe7 {[%clk
00:53:11]} {[%emt 00:02:18]} 4. d5 {[%clk 00:54:48]} {[%emt 00:00:54]} Qb4+
{[%clk 00:52:16]} {[%emt 00:01:04]} 5. Nc3 {[%clk 00:53:07]} {[%emt 00:01:52]}
Nd4 {[%clk 00:51:58]} {[%emt 00:00:28]} 6. Nxd4 {[%clk 00:52:06]} {[%emt
00:01:11]} exd4 {[%clk 00:51:59]} {[%emt 00:00:09]} 7. a3 {[%clk 00:51:21]}
{[%emt 00:00:55]} Qa5 {[%clk 00:52:01]} {[%emt 00:00:07]} 8. Qxd4 {[%clk
00:50:24]} {[%emt 00:01:09]} d6 {[%clk 00:51:30]} {[%emt 00:00:41]} 9. Bd2
{[%clk 00:48:07]} {[%emt 00:02:26]} c6 {[%clk 00:50:57]} {[%emt 00:00:43]} 10.
b4 {[%clk 00:44:44]} {[%emt 00:03:33]} Qc7 {[%clk 00:50:30]} {[%emt 00:00:35]}
11. dxc6 {[%clk 00:44:05]} {[%emt 00:00:51]} bxc6 {[%clk 00:50:09]} {[%emt
00:00:31]} 12. Be3 {[%clk 00:41:57]} {[%emt 00:02:18]} Nf6 {[%clk 00:49:12]}
{[%emt 00:01:06]} 13. O-O-O {[%emt 00:02:30]} Be7 {[%clk 00:47:58]} {[%emt
00:00:06]} 14. Bf4 {[%clk 00:40:02]} {[%emt 00:01:04]} O-O {[%clk 00:45:26]}
{[%emt 00:02:42]} 15. Bxd6 {[%clk 00:39:22]} {[%emt 00:00:50]} Qb7 {[%clk
00:44:57]} {[%emt 00:00:38]} 16. Bxe7 {[%clk 00:38:56]} {[%emt 00:00:37]} Qxe7
{[%clk 00:44:57]} {[%emt 00:00:10]} 17. Qd6 {[%clk 00:37:38]} {[%emt 00:01:27]}
Qb7 {[%clk 00:44:30]} {[%emt 00:00:38]} 18. Be2 {[%clk 00:35:22]} {[%emt
00:02:27]} Rb8 {[%clk 00:43:25]} {[%emt 00:01:14]} 19. Bf3 {[%clk 00:32:26]}
{[%emt 00:03:06]} a5 {[%clk 00:42:42]} {[%emt 00:00:52]} 20. Qd8 {[%clk
00:30:04]} {[%emt 00:02:33]} axb4 {[%clk 00:42:02]} {[%emt 00:00:50]} 21. Qa5
{[%clk 00:28:08]} {[%emt 00:02:06]} bxc3 {[%clk 00:40:36]} {[%emt 00:01:36]} 22.
Qxc3 {[%emt 00:00:37]} Qb1+ {[%clk 00:40:18]} {[%emt 00:00:26]} 23. Kd2 {[%clk
00:27:48]} {[%emt 00:00:06]} Rd8+ {[%clk 00:39:36]} {[%emt 00:00:50]} 24. Ke3
{[%clk 00:27:35]} {[%emt 00:00:23]} Rxd1 {[%clk 00:38:23]} {[%emt 00:01:23]} 25.
Rxd1 {[%clk 00:27:28]} {[%emt 00:00:06]} Qb6+ {[%clk 00:38:33]} 26. Qd4 {[%clk
00:26:30]} {[%emt 00:01:20]} Qxd4+ {[%clk 00:38:04]} {[%emt 00:00:39]} 27. Rxd4
{[%clk 00:26:38]} {[%emt 00:00:02]} g6 {[%clk 00:37:42]} {[%emt 00:00:32]} 28.
e5 {[%clk 00:26:16]} {[%emt 00:00:32]} Ng4+ {[%clk 00:37:15]} {[%emt 00:00:36]}
29. Bxg4 {[%clk 00:26:05]} {[%emt 00:00:22]} Bxg4 {[%clk 00:37:16]} {[%emt
00:00:09]} 30. Rxg4 {[%clk 00:25:41]} {[%emt 00:00:33]} Re8 {[%clk 00:36:20]}
{[%emt 00:01:06]} 31. Kd4 {[%clk 00:24:53]} {[%emt 00:00:59]} c5+ {[%clk
00:36:10]} {[%emt 00:00:21]} 32. Kxc5 {[%clk 00:24:30]} {[%emt 00:00:32]} Rxe5+
{[%clk 00:36:06]} {[%emt 00:00:13]} 33. Kb4 {[%clk 00:24:04]} {[%emt 00:00:37]}
Re2 {[%clk 00:34:41]} {[%emt 00:01:35]} 34. c4 {[%clk 00:24:06]} {[%emt
00:00:08]} Rxf2 {[%clk 00:34:39]} {[%emt 00:00:12]} 35. a4 {[%clk 00:24:06]}
{[%emt 00:00:10]} f5 {[%clk 00:34:06]} {[%emt 00:00:44]} 36. Rg3 {[%clk
00:23:46]} {[%emt 00:00:30]} Kf7 {[%clk 00:33:37]} {[%emt 00:00:38]} 37. Kc5
{[%clk 00:23:34]} {[%emt 00:00:23]} Ke7 {[%clk 00:33:09]} {[%emt 00:00:35]} 38.
Re3+ {[%clk 00:23:19]} {[%emt 00:00:28]} Kd8 {[%clk 00:32:42]} {[%emt
00:00:36]} 39. Kc6 {[%clk 00:22:39]} {[%emt 00:00:50]} Rxg2 {[%clk 00:32:19]}
{[%emt 00:00:32]} 40. Rd3+ {[%clk 00:22:30]} {[%emt 00:00:20]} Ke8 {[%clk
00:32:11]} {[%emt 00:00:15]} 41. a5 {[%clk 00:22:10]} {[%emt 00:00:33]} Rxh2
{[%clk 00:31:48]} {[%emt 00:00:32]} 42. a6 {[%clk 00:22:17]} {[%emt 00:00:04]}
Ra2 {[%clk 00:31:35]} {[%emt 00:00:23]} 43. Kb7 {[%clk 00:22:12]} {[%emt
00:00:15]} Rb2+ {[%clk 00:31:35]} {[%emt 00:00:10]} 44. Kc8 {[%clk 00:21:52]}
{[%emt 00:00:30]} Ra2 {[%clk 00:31:24]} {[%emt 00:00:21]} 45. Rd8 {[%clk
00:21:49]} {[%emt 00:00:14]} Ke7 {[%clk 00:30:57]} {[%emt 00:00:27]} 46. Rd7+
{[%clk 00:21:45]} {[%emt 00:00:23]} Kf6 {[%clk 00:30:51]} {[%emt 00:00:16]} 47.
Ra7 {[%clk 00:21:47]} {[%emt 00:00:08]} Ra4 {[%clk 00:30:36]} {[%emt 00:00:25]}
48. c5 {[%clk 00:21:39]} {[%emt 00:00:18]} f4 {[%clk 00:30:04]} {[%emt
00:00:42]} 49. c6 {[%clk 00:19:02]} {[%emt 00:02:48]} f3 {[%clk 00:29:20]}
{[%emt 00:00:54]} 50. Rxh7 {[%clk 00:18:38]} {[%emt 00:00:34]} Rxa6 {[%clk
00:29:17]} {[%emt 00:00:12]} 1/2-1/2